Зависимость между величиной электрической прочности кристаллов и составляющими энергии кристаллической решетки; Известия Томского политехнического института [Известия ТПИ]; Т. 73

Bibliografiska uppgifter
Parent link:Известия Томского политехнического института [Известия ТПИ]/ Томский политехнический институт (ТПИ).— , 1944-1976
Т. 73.— 1952.— [С. 15-18]
Huvudupphovsman: Завадовская Е. К. Екатерина Константиновна
Sammanfattning:Заглавие с титульного листа
Электронная версия печатной публикации
Språk:ryska
Publicerad: 1952
Ämnen:
Länkar:http://www.lib.tpu.ru/fulltext/v/Bulletin_TPU/1952/v73/02.pdf
Materialtyp: MixedMaterials Elektronisk Bokavsnitt
KOHA link:https://koha.lib.tpu.ru/cgi-bin/koha/opac-detail.pl?biblionumber=186204

MARC

LEADER 00000nla2a2200000 4500
001 186204
005 20231031173451.0
035 |a (RuTPU)RU\TPU\book\202030 
035 |a RU\TPU\book\202028 
090 |a 186204 
100 |a 20101025d1952 k y0rusy50 ca 
101 0 |a rus 
102 |a RU 
135 |a drnn ---uucaa 
181 0 |a i  
182 0 |a b 
200 1 |a Зависимость между величиной электрической прочности кристаллов и составляющими энергии кристаллической решетки  |b Электронный ресурс  |f Е. К. Завадовская 
203 |a Текст  |c электронный 
215 |a 1 файл (234 Кб) 
230 |a Электронные текстовые данные (1 файл : 234 Кб) 
300 |a Заглавие с титульного листа 
300 |a Электронная версия печатной публикации 
337 |a Adobe Reader 
461 1 |0 (RuTPU)RU\TPU\book\200995  |t Известия Томского политехнического института [Известия ТПИ]  |f Томский политехнический институт (ТПИ)  |d 1944-1976 
463 1 |0 (RuTPU)RU\TPU\book\202026  |t Т. 73  |v [С. 15-18]  |d 1952  |p 160 с. 
610 1 |a электронный ресурс 
610 1 |a труды учёных ТПУ 
700 1 |a Завадовская  |b Е. К.  |c российский физик  |c профессор кафедры физики твердого тела Томского политехнического института  |f 1913-2004  |g Екатерина Константиновна  |2 stltpush  |3 (RuTPU)RU\TPU\pers\19787 
801 1 |a RU  |b 63413507  |c 20090320  |g PSBO 
801 2 |a RU  |b 63413507  |c 20110707  |g PSBO 
856 4 |u http://www.lib.tpu.ru/fulltext/v/Bulletin_TPU/1952/v73/02.pdf 
942 |c CF